42-長崎県の市町村クイズ(1999年) - Statistics

General Stats
  • This quiz has been taken 117 times
  • The average score is 46 of 79
Answers on the Map
Answers color-coded by a green-red scale on the quiz's map according to % correct below.
 
Answer Stats
Answer % Correct
諫早いさはや
92%
佐世保させぼ
91%
大村おおむら
89%
長崎ながさき
87%
島原しまばら
85%
平戸ひらど
85%
川棚かわたなちょう
83%
松浦まつうら
83%
佐々さざちょう
79%
時津とぎつちょう
79%
波佐見はさみちょう
79%
東彼杵ひがしそのぎちょう
79%
小値賀おぢかちょう
77%
生月いきつきちょう
74%
厳原いづはらまち
74%
西海さいかいちょう
74%
福江ふくえ
74%
長与ながよちょう
72%
上対馬かみつしまちょう
70%
小佐々こさざちょう
70%
田平たびらちょう
66%
上県かみあがたちょう
64%
野母崎のもざきちょう
64%
宇久うくまち
62%
江迎えむかえちょう
62%
伊王島いおうじまちょう
60%
ごううらちょう
60%
奈留なるちょう
60%
大島おおしまむら
58%
鷹島たかしまちょう
58%
多良見たらみちょう
58%
上五島かみごとうちょう
57%
香焼こうやぎちょう
57%
新魚目しんうおのめちょう
57%
西彼せいひちょう
57%
世知原せちばるちょう
57%
外海そとめちょう
57%
高島たかしまちょう
57%
豊玉とよたまちょう
57%
愛野あいのまち
55%
小浜おばまちょう
55%
琴海きんかいちょう
55%
奈良尾ならおちょう
55%
福島ふくしまちょう
53%
有明ありあけちょう
51%
加津佐かづさまち
51%
岐宿きしくちょう
51%
北有馬きたありまちょう
51%
口之津くちのつちょう
51%
崎戸さきとちょう
51%
有家ありえちょう
49%
千々石ちぢわちょう
49%
大瀬戸おおせとちょう
47%
国見くにみちょう
47%
高来たかきちょう
47%
南有馬みなみありまちょう
47%
みねちょう
47%
若松わかまつちょう
47%
飯盛いいもりちょう
45%
大島おおしまちょう
45%
勝本かつもとちょう
45%
小長井こながいちょう
45%
富江とみえちょう
45%
西有家にしありえちょう
45%
森山もりやまちょう
45%
芦辺あしべちょう
43%
三和さんわちょう
43%
鹿町しかまちちょう
43%
玉之浦たまのうらちょう
43%
布津ふつちょう
43%
三井楽みいらくちょう
43%
美津島みつしまちょう
43%
深江ふかえちょう
42%
南串山みなみくしやまちょう
42%
吉井よしいちょう
42%
吾妻あづまちょう
40%
有川ありかわちょう
38%
瑞穂みずほちょう
38%
石田いしだちょう
36%
No matching quizzes found
Score Distribution
Percent of People with Each Score
Percentile by Number Answered
Your Score History
You have not taken this quiz